[Event "Subang Jaya op 12th"]
[Site "Subang Jaya"]
[Date "2024.01.28"]
[Round "6"]
[White "Kok, Eng Xuen"]
[Black "Adlan, Harris Danial"]
[Result "1-0"]
[WhiteElo "1549"]
[BlackElo "1262"]
[PlyCount "91"]
[EventDate "2024.01.27"]
[EventType "swiss"]
[EventRounds "8"]
[EventCountry "MAS"]
[SourceTitle "CB06_2024"]
[SourceDate "2024.02.07"]
[SourceVersion "1"]
[SourceVersionDate "2024.02.07"]
[SourceQuality "1"]

1. d4 d5 2. c4 e6 3. Nf3 Nf6 4. g3 c6 5. Bg2 Bd6 6. 0-0 0-0 7. Nc3 dxc4 8. Nd2 Nbd7 9. Nxc4 Bc7 10. e4 Nb6 11. b3 Nxc4 12. bxc4 b6 13. e5 Nd7 14. Ba3 Re8 15. Bxc6 Ba6 16. Qa4 Nxe5 17. dxe5 Bxe5 18. Rad1 Qc7 19. Bxe8 Qxc4 20. Qxc4 Bxc4 21. Bc6 Rc8 22. Bb7 Rb8 23. Bd6 Bxd6 24. Rxd6 Bxf1 25. Kxf1 Kf8 26. Be4 Rc8 27. Nb5 Ke7 28. Rc6 Rxc6 29. Bxc6 a6 30. Nc3 Kd6 31. Bb7 a5 32. Ke2 Kc5 33. Kd3 b5 34. Ba6 b4 35. Na4+ Kd5 36. Bc4+ Ke5 37. Nb2 Kf5 38. Bb3 Kg4 39. h4 Kf3 40. Nd1 f5 41. Bxe6 a4 42. Bxf5 b3 43. Be4+ Kg4 44. Ne3+ Kh5 45. axb3 axb3 46. Bxh7 1-0